Los niños del Perú : prácticas de crianza.

Guardado en:
Detalles Bibliográficos
Autor principal: Zuloaga, Elsa (autor)
Otros autores: Rossel, Alejandra (autor) (autor), Soria, Laura (autor) (autor)
Formato: Libro
Idioma:Español
Colección:(Colección prácticas de crianza ; no. 2)
Temas:
Etiquetas: Agrega una etiqueta
Sin etiquetas, Sé el primero en etiquetar este registro!

MARC

LEADER 00000cam^a2200000uu^4500
001 000463558
005 20250521000000.0
008 050901s1994^^^^^^^^^^^^rd^r^^000^0^spa^d
009 20260310124315.827
022 |a 9586252876 
035 |a FCE 000006108 
035 |a FCE 024118 
037 |a Acervo ITESO - Biblioteca 
041 |a spa 
082 0 4 |a 305.233  |b P.C. 2 
100 |a Zuloaga, Elsa  |e (autor) 
245 1 4 |a Los niños del Perú :  |b prácticas de crianza. 
264 |a Bogotá :  |b CELAM : SELACC : UNICEF,  |c 1994. 
300 |a 109 p. 
336 |a texto  |b txt  |2 rdacontenido 
337 |a sin mediación  |b n  |2 rdamedio 
338 |a volumen  |b nc  |2 rdasoporte 
440 0 |a (Colección prácticas de crianza ;  |v no. 2) 
649 |a XX 
650 |a Desarrollo del niño 
650 |a Programa de desarrollo 
650 |a Zonas marginadas 
650 |a Experiencia educativa 
650 |a Relación padres-hijos 
650 |a Cuidado del niño 
650 |a Resultados de investigación 
650 |a Investigación educacional 
650 |a Participación de los padres 
650 |a Perú 
700 |a Rossel, Alejandra  |e (autor) 
700 |a Soria, Laura  |e (autor) 
910 |a Fondo Centro de Estudios Educativos 
920 |a Impresos - Libros 
930 |a Fondos Especiales 
905 |a 133 
901 |a ALE024118  |b IT2  |c CEE  |u 20250521 
902 |a https://opac.biblio.iteso.mx/vufind/Record/000463558